000 01436nam a22004457a 4500
001 0013489
003 KOHA_MİRAKIL
005 20260207001921.0
007 ta
008 101230b2004 tu a|||gr||||#||||0|tur |
020 _a9750603044
040 _aTR-BiSEU
_btur
_cTR-BiSEU
_erda
041 0 _atur
044 _ctu
050 _aKB1706.5
_b.B56 2004
100 1 _aBingöl, Sedat.
245 1 _aTanzimat devrinde Osmanlı'da yargı reformu :
_b(Nizâmiyye Mahkemeleri'nin kuruluşu ve işleyişi, 1840-1876)/
_cSedat Bingöl ; Sedat Bingöl.
264 1 _aEskişehir :
_bAnadolu Üniversitesi
_c2004
300 _aV, 318 sayfa; 24 cm.
336 _ametin
_btxt
_2rdacontent
337 _aaracısız
_bn
_2rdamedia
338 _acilt
_bnc
_2rdacarrier
490 1 _aT.C.
490 1 _aAnadolu Üniversitesi yayınları ;
_vno.
490 1 _a1582.
490 1 _aEdebiyat Fakültesi yayınları ;
_vno.
490 1 _a16
500 _aTıpkıbasım.
650 0 _a Nizamiye Mahkemeleri.
_931724
650 0 _a Mahkemeler--Türkiye.
_931725
650 0 _a Hukuk reformu--Türkiye.
_931726
650 0 _a Yargı işlemleri--Türkiye.
_931727
650 0 _a Türkiye--Tarih 1839-1878.
_931728
830 1 _aT.C.
_96297
830 1 _aAnadolu Üniversitesi yayınları ;
_vno.
_97107
830 1 _a1582.
_931729
830 1 _aEdebiyat Fakültesi yayınları ;
_vno.
_96621
830 1 _a16
_98144
942 _2lcc
_cBK
999 _c13453
_d13453